000 01132nam a22002777a 4500
003 NALT
005 20210910091745.0
008 s2548 th f tha d
020 _a9741402864
040 _aNALT
041 _atha
050 _a
090 _aFIC
_bล739จ 2548
100 1 _aลูอิส, ซี.เอส.
_98751
245 1 0 _aเจ้าชายแคสเปี้ยน =
_bPrince Caspian /
_cเขียนโดย ซี.เอส. ลูอิส ; แปลโดย สุมนา บุณยะรัตเวช ; รูปประกอบ อิลีน เบย์เนส.
246 3 1 _aPrince Caspian.
250 _aพิมพ์ครั้งที่ 3
260 _aกรุงเทพฯ :
_bผีเสื้อ,
_c2548.
300 _a272 หน้า :
_bภาพประกอบ ;
_c19 ซม.
650 4 _aนวนิยายแปล
_97743
700 0 _aสุมนา บุณยะรัตเวช
_97657
700 1 _aเบย์เนส, พอลีน
_954474
850 _aNALT
942 _cFIC
_2local
998 _cphon
_b103
_bphon
_j104
_k สายฝน ดีงาม
999 _c50799
_d50799